Alaska Counties - Statistics

General Stats
  • This quiz has been taken 1,799 times
  • The average score is 15 of 30
Answers on the Map
Answers color-coded by a green-red scale on the quiz's map according to % correct below.
 
Answer Stats
Answer % Correct
Juneau Borough
92%
Anchorage Borough
89%
Fairbanks North Star Borough
87%
Yukon-Koyukuk Census Area
73%
Nome Census Area
72%
Kodiak Island Borough
67%
North Slope Borough
63%
Sitka Borough
62%
Denali Borough
60%
Ketchikan Gateway Borough
58%
Northwest Arctic Borough
58%
Kenai Peninsula Borough
51%
Aleutians East Borough
49%
Aleutians West Census Area
49%
Lake and Peninsula Borough
48%
Bethel Census Area
47%
Skagway Borough
45%
Wrangell Borough
43%
Prince of Wales-Hyder Census Area
42%
Dillingham Census Area
40%
Haines Borough
39%
Bristol Bay Borough
38%
Copper River Census Area
37%
Yakutat Borough
37%
Petersburg Borough
35%
Chugach Census Area
33%
Matanuska-Susitna Borough
33%
Southeast Fairbanks Census Area
33%
Hoonah-Angoon Census Area
31%
Kusilvak Census Area
30%
No matching quizzes found
Score Distribution
Percent of People with Each Score
Percentile by Number Answered
Your Score History
You have not taken this quiz